Sīmāntabāṅlāra lokayāna. (Record no. 66728)

MARC details
000 -LEADER
fixed length control field 00654cam a22002531 4500
001 - CONTROL NUMBER
control field sa 65010417
003 - CONTROL NUMBER IDENTIFIER
control field DLC
005 - DATE AND TIME OF LATEST TRANSACTION
control field 20260227112208.0
008 - FIXED-LENGTH DATA ELEMENTS--GENERAL INFORMATION
fixed length control field 890605s1965 ii a b 000 0 beno
010 ## - LIBRARY OF CONGRESS CONTROL NUMBER
LC control number sa 65010417
035 ## - SYSTEM CONTROL NUMBER
System control number (OCoLC)19818663
040 ## - CATALOGING SOURCE
Original cataloging agency DLC
Transcribing agency WaU
Modifying agency DLC
042 ## - AUTHENTICATION CODE
Authentication code premarc
043 ## - GEOGRAPHIC AREA CODE
Geographic area code a-ii---
050 00 - LIBRARY OF CONGRESS CALL NUMBER
Classification number GR305.5.B4
Item number K35
100 1# - MAIN ENTRY--PERSONAL NAME
Personal name Karaṇa, Sudhīra.
245 10 - TITLE STATEMENT
Title Sīmāntabāṅlāra lokayāna.
260 ## - PUBLICATION, DISTRIBUTION, ETC.
Date of publication, distribution, etc. [1965]
300 ## - PHYSICAL DESCRIPTION
Extent 13, 359 p.
Other physical details illus.
Dimensions 22 cm.
500 ## - GENERAL NOTE
General note Map on lining paper.
500 ## - GENERAL NOTE
General note In Bengali.
504 ## - BIBLIOGRAPHY, ETC. NOTE
Bibliography, etc. note Bibliography: p. [353]-354.
650 #0 - SUBJECT ADDED ENTRY--TOPICAL TERM
Topical term or geographic name entry element Folklore
Geographic subdivision India
-- West Bengal.

No items available.

Powered by Koha